000 00890nas a2200313 4500
001 BR2013008609
003 BR-BrBNA
005 20231205123136.0
007 ta
008 230509b bl.|||p| |||| 00| 00por d
040 _aBR-BrBNA
_bpor
_cBiblioteca Nacional de Agricultura
041 _a(En)
072 _aH60; F02
100 1 _aMarangoni, R.E.
100 1 _ajakelaitis, A.
100 1 _aTavares, C.J.
100 1 _aRezende, B.P.M.
100 1 _aMello Filho, O.L.
100 1 _aCunha, P.C.R.
245 1 _aEffect of weed interference on soybean cultivars at two sowing times
650 _aSOJA
650 _aGLYCINE MAX
650 _aSEMEADURA
650 _aPRODUTIVIDADE
650 _aRENDIMENTO
773 0 _tPlanta Daninha (Brazil)
_xISSN 0100-8358
_g(2013), v. 31(3) p. 511-519
_wBR2013008609
909 _a202311
_bLúcia
_c55
_dLúcia Elande
942 _2AGRIS
_n0
_cANA
999 _c232379
_d232379